01597nam a2200469 i 45000010005000000030009000050050017000140080039000310150017000700200015000870350023001020350036001250350014001610350021001750350023001960350044002190400028002630460009002910800016003000800008003161000046003242450057003702500025004272600056004523000100005083360027006083370054006353380028006893800016007173880014007334900042007475040045007896500011008346500015008456500016008606550030008766580024009066580028009307100041009588300031009998560097010301834KOSZ 00520220722134200.0190812s1979 pl a f 001 0 pol aPB 1981/3111 a8301002093 a991012537469705066 a(PL-WaBN)b13392499-48omnis_nlop ab13392499 a(OCoLC)749838533 a(PL)b0000001339249 a(EXLNZ-48OMNIS_NETWORK)9910173354205606 aWA NcWA NdKOSZ 005/RW k1978 a621.375.826 a5351 aKaczmarek, Franciszekd(1928-2015)eAutor10aWstęp do fizyki laserów /cFranciszek Kaczmarek. aWydanie 1, (dodruk). aWarszawa :bPaństwowe Wydawnictwo Naukowe,c1979. a453, [2] strony, [4] karty tablic kolorowych :bilustracje, portrety, tabele, wykresy ;c24 cm. aTekstbtxt2rdacontent aBez urządzenia pośredniczącegobn2rdamedia aWoluminbnc2rdacarrier aKsiążki a1901-20001 aBiblioteka Fizyki,x0137-5059 ;vt. 4 aBibliografia przy rozdziałach. Indeksy. 7aOptyka 7aWzmacniacz 7aLasery2DBN 7aPodręczniki akademickie aFizyka i astronomia aInżynieria i technika2 aPaństwowe Wydawnictwo Naukowe4pbl 0aBiblioteka Fizyki ;vt. 4. uhttp://koha.tu.koszalin.pl/cgi-bin/koha/opac-detail.pl?biblionumber=1834yKatalog online BPK